Rekonštrukcia námestia v Pezinku

Gespeichert in:
Bibliographische Detailangaben
1. Verfasser: Pagáčová, Petronela (Verfasst von)
Weitere Verfasser: Kaliská, Dagmar, 1946- (Betreuung Doktorarbeit)
Format: Manuskript Buch
Sprache:Slowakisch
Veröffentlicht: Bratislava : STU v Bratislave FA, 2010
Schlagworte:
Online-Zugang:VAIS
Tags: Tag hinzufügen
Keine Tags, Fügen Sie das erste Tag hinzu!

MARC

LEADER 00000ntm a22000003a 4500
001 stu218890
005 20210729080209.6
008 101207s2010----xo------------------slo-d
040 |a STU  |b slo 
041 0 |a slo 
044 |a xo 
100 1 |a Pagáčová, Petronela  |4 aut  |u A  |T FAD Fakulta architektúry  |X 39982  |U A  |Y 50  |7 A000039982 
242 0 0 |a Reconstruction of Radnicne square in the Pezinok city  |y eng 
245 1 |a Rekonštrukcia námestia v Pezinku 
260 |a Bratislava :  |b STU v Bratislave FA,  |c 2010 
650 7 |a architektúra a urbanizmus  |2 stusub 
650 7 |a Architecture and Urban Design  |2 estusub 
650 7 |a reconstruction  |2 estusub 
650 7 |a traffic  |2 estusub 
650 7 |a rekonštrukcia  |2 stusub 
650 7 |a mobiliár  |2 stusub 
650 7 |a trhy  |2 stusub 
650 7 |a doprava  |2 stusub 
700 1 |a Kaliská, Dagmar,  |d 1946-  |4 ths  |u A6160  |U FAD Fakulta architektúry  |U FAD Fakulta architektúry  |T FA Ústav urbanizmu a územného plánovania  |X 421  |U A6160  |Y 397  |7 A000000421 
856 4 |a info a plný text  |u http://is.stuba.sk/zp/portal_zp.pl?podrobnosti=4853  |u https://opac.crzp.sk/?fn=detailBiblioForm&sid=4156E77560192824B5601D96D6BB  |3 VAIS